[Event "272nd YMCA Spring A"]
[Site "Warsaw"]
[Date "2023.06.09"]
[Round "9"]
[White "Klim, Juliusz"]
[Black "Choroszej, Aleksander"]
[Result "1/2-1/2"]
[WhiteElo "1709"]
[BlackElo "1999"]
[PlyCount "99"]
[EventDate "2023.04.14"]
[EventType "tourn"]
[EventRounds "1"]
[EventCountry "POL"]
[SourceDate "2023.04.13"]

1. e4 g6 2. d4 Bg7 3. Nc3 d6 4. f4 Nf6 5. Nf3 O-O 6. Bd3 Nc6 7. e5 dxe5 8. dxe5
Nd5 9. Nxd5 Qxd5 10. Qe2 Bg4 11. Be4 Qa5+ 12. Bd2 Qb6 13. O-O-O Nd4 14. Qe3
Rfd8 15. Kb1 f5 16. exf6 Bxf6 17. Bc3 Nb5 18. Qxb6 Nxc3+ 19. bxc3 axb6 20. Bxb7
Rxd1+ 21. Rxd1 Ra4 22. c4 Kg7 23. h3 Bxf3 24. Bxf3 Rxc4 25. Rd7 b5 26. Kc1 b4
27. Be2 Re4 28. Kd2 c5 29. Rc7 Bd4 30. Bf3 Re3 31. Rc6 Ra3 32. Bd5 Re3 33. Ra6
Rc3 34. Re6 Kf8 35. Re4 Bf6 36. Re3 Rxe3 37. Kxe3 e5 38. fxe5 Bxe5 39. Kd3 Ke7
40. Kc4 Kd6 $11 41. Bg8 h6 42. Bf7 $11 g5 43. Bh5 Bd4 44. Bg6 Ke5 45. Bh7 h5
46. Bg6 h4 47. Bh5 Kd6 48. Bf3 Ke5 49. Bh5 Kd6 50. Bf3 $11 1/2-1/2

[Event "272nd YMCA Spring A"]
[Site "Warsaw"]
[Date "2023.06.08"]
[Round "9"]
[White "Kania, Tomasz"]
[Black "Kasperkiewicz, Pawel"]
[Result "1/2-1/2"]
[WhiteElo "1697"]
[BlackElo "1858"]
[PlyCount "83"]
[EventDate "2023.04.14"]
[EventType "tourn"]
[EventRounds "1"]
[EventCountry "POL"]
[SourceDate "2023.04.13"]

1. e4 e6 2. d4 d5 3. Nd2 a6 4. g3 c5 5. exd5 exd5 6. Bg2 Nf6 7. Ngf3 Nc6 8. O-O
cxd4 9. Re1+ Be7 10. Nb3 O-O 11. Nbxd4 Re8 12. c3 Bg4 13. h3 Bh5 14. Be3 Bf8
15. Nf5 Qd7 16. g4 Bg6 17. N3h4 Rad8 18. Qa4 Ne4 19. Rad1 Qc8 20. Bb6 Nc5 21.
Qc2 Rxe1+ 22. Rxe1 Re8 23. Rxe8 Qxe8 24. Bxd5 Qe5 25. Qd1 Ne6 26. Bxe6 Qxe6 27.
a3 Qe4 28. Nxg6 hxg6 29. Ng3 Qe6 30. Bd4 Bd6 31. Qf3 Bxg3 32. Qxg3 Qe4 33. b4
b5 34. Qe3 Qd5 35. f3 Kh7 36. Qe4 Qc4 37. Kf2 Nxd4 38. cxd4 Qa2+ 39. Kg3 Qxa3
40. d5 a5 41. Qe7 Qxb4 42. Qxb4 $11 1/2-1/2

[Event "272nd YMCA Spring A"]
[Site "Warsaw"]
[Date "2023.06.09"]
[Round "9"]
[White "Flis, Piotr"]
[Black "Polak, Michal"]
[Result "1/2-1/2"]
[WhiteElo "1712"]
[BlackElo "1931"]
[PlyCount "120"]
[EventDate "2023.04.14"]
[EventType "tourn"]
[EventRounds "1"]
[EventCountry "POL"]
[SourceDate "2023.04.13"]

1. e4 c5 2. Nf3 g6 3. d4 cxd4 4. Nxd4 Nc6 5. c4 Bg7 6. Be3 Nf6 7. Nc3 O-O 8.
Be2 d6 9. O-O Nxd4 10. Bxd4 Bd7 11. h3 Bc6 12. Qc2 a5 13. Rad1 Nd7 14. Bxg7
Kxg7 15. Bg4 a4 16. Bxd7 Bxd7 17. Rd2 Qa5 18. Nd5 Rfe8 19. Rc1 Be6 20. Qc3+
Qxc3 21. Rxc3 Ra5 22. Nc7 Rc8 23. Nxe6+ fxe6 24. b4 axb3 25. Rxb3 Rxc4 26. Rxb7
Kf6 27. f3 Rc1+ 28. Kf2 Ra1 29. Rbb2 g5 30. Ke3 Ke5 31. Rbc2 h5 32. Rb2 Ra3+
33. Kf2 Ra5 34. Ke3 d5 35. exd5 exd5 36. Kf2 h4 37. Re2+ Kf6 38. Rb6+ Kf5 39.
g4+ hxg3+ 40. Kxg3 R5xa2 41. Reb2 Rxb2 42. Rxb2 Ra7 43. Rb4 Rd7 44. h4 d4 45.
hxg5 d3 46. Rb1 Kxg5 47. Kf2 Kf4 48. Rb4+ Ke5 49. Re4+ Kf5 50. Ke1 e5 51. Kd2
Rd5 52. Rg4 Ke6 53. Re4 Kf5 54. Rg4 Rd8 55. Re4 Rd7 56. Re3 Kf4 57. Re4+ Kf5
58. Re3 Rd4 59. Rxd3 Kf4 60. Rxd4+ exd4 $11 1/2-1/2

[Event "272nd YMCA Spring A"]
[Site "Warsaw"]
[Date "2023.05.30"]
[Round "9"]
[White "Kasperski, Marcin"]
[Black "Szukalski, Antoni"]
[Result "1/2-1/2"]
[WhiteElo "1679"]
[BlackElo "1680"]
[PlyCount "93"]
[EventDate "2023.04.14"]
[EventType "tourn"]
[EventRounds "1"]
[EventCountry "POL"]
[SourceDate "2023.04.13"]

1. c4 Nf6 2. g3 e6 3. Bg2 d5 4. Nf3 Nc6 5. cxd5 exd5 6. O-O Be7 7. d4 O-O 8. a3
Re8 9. b4 a6 10. Nbd2 Bd6 11. Nb3 Ne7 12. Bg5 Ng6 13. Qc2 h6 14. Bxf6 Qxf6 15.
Rfe1 Bf5 16. Qa2 Rad8 17. Nc5 Bc8 18. e3 b6 19. Nb3 Bg4 20. Nfd2 h5 21. e4 dxe4
22. Nxe4 Qf5 23. Nxd6 Rxe1+ 24. Rxe1 Rxd6 25. f3 Bh3 26. Bxh3 Qxh3 27. Re8+ Kh7
28. Qg2 Qf5 29. Re4 Qd5 30. Qb2 f5 31. Re3 f4 32. Re4 Rf6 33. Kg2 Qg5 34. Qd2
Nh4+ 35. Kh1 Nxf3 36. Qd3 fxg3 37. Rf4+ g6 38. Rxf3 gxh2 39. Kxh2 Qh4+ 40. Kg2
Qg5+ 41. Kf1 Re6 42. Qd2 Qh4 43. Kg2 Qg4+ 44. Kf2 Qh4+ 45. Kg2 Qg4+ 46. Kf2
Qh4+ 47. Kg2 1/2-1/2

[Event "272nd YMCA Spring A"]
[Site "Warsaw"]
[Date "2023.06.13"]
[Round "9"]
[White "Kacprzak, Karol"]
[Black "Sypula, Krzysztof"]
[Result "1/2-1/2"]
[WhiteElo "1690"]
[BlackElo "1649"]
[PlyCount "79"]
[EventDate "2023.04.14"]
[EventType "tourn"]
[EventRounds "1"]
[EventCountry "POL"]
[SourceDate "2023.04.13"]

1. c4 e5 2. Nc3 Nc6 3. Nf3 Nf6 4. d4 exd4 5. Nxd4 d6 6. Nxc6 bxc6 7. g3 a5 8.
Bg2 Ra6 9. Qa4 Bd7 10. b4 Qa8 11. bxa5 Rxa5 12. Qb3 Qc8 13. O-O Be7 14. Bd2 Ra6
15. a4 O-O 16. a5 Be6 17. Rfb1 Nd7 18. f4 Nc5 19. Qb4 Bf6 20. Ra3 Bf5 21. Re1
Re8 22. Nd1 Be4 23. Nf2 Bxg2 24. Kxg2 Qa8 25. Qb1 d5 26. cxd5 cxd5 27. Qb5 Ne6
28. Rb1 c6 29. Qb7 Nd4 30. Re3 Rxe3 31. Qxa6 Re8 32. Qxa8 Rxa8 33. e4 Be7 34.
Rb7 Kf8 35. exd5 cxd5 36. Ng4 Nc6 37. Rd7 d4 38. Rd5 f6 39. Kf3 Bd8 40. Nf2 $11
1/2-1/2

[Event "272nd YMCA Spring A"]
[Site "Warsaw"]
[Date "2023.05.23"]
[Round "10"]
[White "Szukalski, Antoni"]
[Black "Kacprzak, Karol"]
[Result "1/2-1/2"]
[WhiteElo "1680"]
[BlackElo "1690"]
[PlyCount "114"]
[EventDate "2023.04.14"]
[EventType "tourn"]
[EventRounds "1"]
[EventCountry "POL"]
[SourceDate "2023.04.13"]

1. e4 c6 2. d4 d5 3. Nc3 dxe4 4. Nxe4 Bf5 5. Ng3 Bg6 6. Nf3 Nd7 7. Bd3 Bxd3 8.
Qxd3 Ngf6 9. O-O e6 10. Re1 Be7 11. c4 O-O 12. Bf4 c5 13. Rad1 cxd4 14. Qxd4
Bc5 15. Qd2 Qb6 16. Be3 Rac8 17. Bxc5 Qxc5 18. b3 h6 19. h3 Rfe8 20. Ne4 Nxe4
21. Rxe4 Nf6 22. Re3 e5 23. Qe2 e4 24. Nd2 Qf5 25. Re1 Rc6 26. Nxe4 Nxe4 27.
Rxe4 Rce6 28. Rxe6 Rxe6 29. Qd2 Rxe1+ 30. Qxe1 b6 31. f3 g5 32. Qe8+ Kg7 33.
Kf2 Qc5+ 34. Qe3 Qa3 35. Qd2 Qc5+ 36. Ke2 Qe5+ 37. Kd3 Qf5+ 38. Kc3 Qa5+ 39.
Kd3 Qf5+ 40. Ke3 Qe5+ 41. Kf2 Qc5+ 42. Qe3 Qa3 43. Qd2 Qc5+ 44. Kf1 Kg6 45. g3
Kg7 46. Qc3+ Kg6 47. b4 Qf5 48. Kg2 Qb1 49. Qb3 Qc1 50. Qd3+ Kg7 51. a3 Qb2+
52. Kg1 Qc1+ 53. Kf2 Qb2+ 54. Ke3 Qe5+ 55. Kf2 Qb2+ 56. Ke3 Qe5+ 57. Kf2 Qb2+
1/2-1/2

[Event "272nd YMCA Spring A"]
[Site "Warsaw"]
[Date "2023.06.16"]
[Round "10"]
[White "Polak, Michal"]
[Black "Kasperski, Marcin"]
[Result "1-0"]
[WhiteElo "1931"]
[BlackElo "1679"]
[PlyCount "127"]
[EventDate "2023.04.14"]
[EventType "tourn"]
[EventRounds "1"]
[EventCountry "POL"]
[SourceDate "2023.04.13"]

1. d4 Nf6 2. Nf3 g6 3. g3 Bg7 4. Bg2 O-O 5. O-O d5 6. c4 dxc4 7. Na3 c5 8. dxc5
c3 9. Qc2 Qa5 10. Qxc3 Qxc3 11. bxc3 Ne4 12. Nb5 Nxc3 13. Nxc3 Bxc3 14. Rb1 Nc6
15. Bf4 Rd8 16. Rb3 Bf6 17. Rfb1 Bf5 18. Rc1 Rd7 19. h4 Be6 20. Re3 Bxa2 21.
Ne5 Nxe5 22. Bxe5 Bd5 23. Rd1 Bxg2 24. Rxd7 Bc6 25. Rd1 a5 26. Bxf6 exf6 27.
Red3 Kg7 28. Rd8 Ra6 29. R8d3 a4 30. Ra3 Ra5 31. Rc1 f5 32. f3 Kf6 33. Kf2 h5
34. Rc2 Bd5 35. Rc1 Ke7 36. Rca1 Bc6 37. Re3+ Kf6 38. Rc3 Ke5 39. Ke3 Ra8 40.
Rd3 Kf6 41. Kf4 Ra5 42. Rc1 a3 43. Ra1 a2 44. Rd6+ Ke7 45. Rd2 Rxc5 46. Raxa2
Kf6 47. Rac2 Ra5 48. Rd4 Bd5 49. Rc7 Bc6 50. Rd6+ Kg7 51. Kg5 Re5 52. Rxg6+ Kf8
53. Rf6 Bd5 54. Rxf5 Rxf5+ 55. Kxf5 b5 56. Kf6 Ke8 57. Rc5 Bc4 58. Rxh5 b4 59.
Rc5 Be6 60. Rb5 b3 61. h5 Kd7 62. h6 Kc6 63. Rxb3 Bxb3 64. h7 1-0

[Event "272nd YMCA Spring A"]
[Site "Warsaw"]
[Date "2023.06.14"]
[Round "10"]
[White "Choroszej, Aleksander"]
[Black "Kania, Tomasz"]
[Result "1-0"]
[WhiteElo "1999"]
[BlackElo "1697"]
[PlyCount "51"]
[EventDate "2023.04.14"]
[EventType "tourn"]
[EventRounds "1"]
[EventCountry "POL"]
[SourceDate "2023.04.13"]

1. d4 Nf6 2. c4 e6 3. Nc3 Bb4 4. f3 c5 5. d5 O-O 6. e4 d6 7. Nge2 a6 8. Ng3 b5
9. Be2 exd5 10. cxd5 Nbd7 11. O-O c4 12. Be3 Bc5 13. Bxc5 Nxc5 14. b4 cxb3 15.
axb3 Qb6 16. Kh1 b4 17. Nb5 Bd7 18. Nd4 a5 19. Qd2 a4 20. bxa4 Rxa4 21. Rxa4
Nxa4 22. Ngf5 Bxf5 23. Nxf5 b3 24. Qg5 Ne8 25. Nh6+ Kh8 26. Qe7 1-0

[Event "272nd YMCA Spring A"]
[Site "Warsaw"]
[Date "2023.06.21"]
[Round "10"]
[White "Kuc, Mariusz"]
[Black "Klim, Juliusz"]
[Result "1/2-1/2"]
[WhiteElo "1672"]
[BlackElo "1709"]
[PlyCount "86"]
[EventDate "2023.04.14"]
[EventType "tourn"]
[EventRounds "1"]
[EventCountry "POL"]
[SourceDate "2023.04.13"]

1. e4 c5 2. Nc3 Nc6 3. f4 g6 4. Nf3 Bg7 5. Bb5 Nd4 6. Bc4 d6 7. Nxd4 cxd4 8.
Ne2 e6 9. O-O Ne7 10. c3 Nc6 11. f5 d5 12. exd5 exd5 13. Bd3 O-O 14. cxd4 Nxd4
15. Nxd4 Bxd4+ 16. Kh1 Qh4 17. Qf3 Bd7 18. Rb1 Be5 19. Qh3 Qxh3 20. gxh3 $11
Bc6 21. b3 d4+ 22. Kg1 Bd6 23. Bb2 Rfe8 24. fxg6 hxg6 25. Bc4 Re7 26. Bxd4 b5
27. Bd3 Rd8 28. Be3 Bxh2+ 29. Kxh2 Rxd3 30. Rbc1 Bb7 31. Rce1 f5 32. h4 Re4 33.
Bg5 Kf7 34. Rxe4 Bxe4 35. Rc1 Rd7 36. Kg3 Ke6 37. Rc5 a6 38. Bf4 Kf6 39. Rc8
Bb7 40. Re8 Kf7 41. Re5 Rd3+ 42. Be3 Rd7 43. Kf4 Kf6 $11 1/2-1/2

[Event "272nd YMCA Spring A"]
[Site "Warsaw"]
[Date "2023.06.20"]
[Round "11"]
[White "Kania, Tomasz"]
[Black "Kuc, Mariusz"]
[Result "1-0"]
[WhiteElo "1697"]
[BlackElo "1672"]
[PlyCount "109"]
[EventDate "2023.04.14"]
[EventType "tourn"]
[EventRounds "1"]
[EventCountry "POL"]
[SourceDate "2023.04.13"]

1. e4 c5 2. Nf3 e6 3. d4 cxd4 4. Nxd4 d6 5. Nc3 Be7 6. Be3 Nf6 7. g4 h5 8. gxh5
Nxh5 9. Qd2 a6 10. O-O-O b5 11. a3 Nf6 12. Be2 Bb7 13. Bf3 Nbd7 14. e5 Nd5 15.
Bxd5 exd5 16. e6 Ne5 17. exf7+ Kxf7 18. Qe2 Qd7 19. Rdg1 Rac8 20. Bg5 Rc4 21.
f4 Nc6 22. Nf3 Re8 23. Bxe7 Rxe7 24. Ng5+ Ke8 25. Qh5+ Kd8 26. Qg6 Nd4 27. Re1
Kc7 28. Qd3 Ne6 29. Nxe6+ Rxe6 30. Nxd5+ Kb8 31. Rhf1 Bxd5 32. Qxd5 Rf6 33. Re4
Rc5 34. Qd4 Qc6 35. Qd3 d5 36. Re7 Qd6 37. Re8+ Rc8 38. Rxc8+ Kxc8 39. Qg3 g6
40. Kb1 Re6 41. Qc3+ Kb7 42. Qg7+ Re7 43. Qd4 Re4 44. Qd3 Qe6 45. Rd1 Kc6 46.
Qg3 Re3 47. Qg5 d4 48. Rg1 d3 49. cxd3 Re1+ 50. Rxe1 Qxe1+ 51. Ka2 Qe6+ 52. Kb1
Qe1+ 53. Kc2 Qf2+ 54. Kc3 Qc5+ 55. Qxc5+ 1-0

[Event "272nd YMCA Spring A"]
[Site "Warsaw"]
[Date "2023.06.23"]
[Round "11"]
[White "Flis, Piotr"]
[Black "Choroszej, Aleksander"]
[Result "1/2-1/2"]
[WhiteElo "1712"]
[BlackElo "1999"]
[PlyCount "98"]
[EventDate "2023.04.14"]
[EventType "tourn"]
[EventRounds "1"]
[EventCountry "POL"]
[SourceDate "2023.04.13"]

1. Nf3 g6 2. d4 Bg7 3. c4 d6 4. Nc3 Nf6 5. g3 O-O 6. Bg2 Nc6 7. O-O a6 8. b3
Rb8 9. d5 Na5 10. Bg5 h6 11. Bd2 c5 12. dxc6 Nxc6 13. Rc1 Be6 14. Ne1 Qd7 15.
Nd3 Bh3 16. Bxh3 Qxh3 17. Nf4 Qd7 18. Nfd5 Nxd5 19. Nxd5 b5 20. cxb5 Rxb5 21.
Bxh6 e6 22. Bxg7 Rxd5 23. Qc2 Kxg7 24. Qxc6 Qxc6 25. Rxc6 Ra8 26. Rfc1 Ra7 27.
Kg2 a5 28. R6c4 a4 29. e4 Rb5 30. Rxa4 Rxa4 31. bxa4 Rb4 32. f3 Rb2+ 33. Kh3
Rxa2 34. Rc4 f5 35. exf5 exf5 36. Rd4 d5 37. f4 Kf6 38. Rxd5 Rxa4 39. Rd7 Ra2
40. Rh7 Rf2 41. Rh4 Kg7 42. g4 Rf3+ 43. Kg2 Rxf4 44. h3 Ra4 45. Kg3 g5 46. Rh5
Kg6 47. Rh8 Ra3+ 48. Kf2 fxg4 49. hxg4 Ra4 $11 1/2-1/2

[Event "272nd YMCA Spring A"]
[Site "Warsaw"]
[Date "2023.06.22"]
[Round "11"]
[White "Kasperski, Marcin"]
[Black "Kasperkiewicz, Pawel"]
[Result "1/2-1/2"]
[WhiteElo "1679"]
[BlackElo "1858"]
[PlyCount "128"]
[EventDate "2023.04.14"]
[EventType "tourn"]
[EventRounds "1"]
[EventCountry "POL"]
[SourceDate "2023.04.13"]

1. c4 b6 2. Nf3 Bb7 3. g3 c5 4. Nc3 Bxf3 5. exf3 Nc6 6. Bg2 g6 7. f4 Bg7 8. O-O
e6 9. Nb5 Qb8 10. d4 Nxd4 11. Nxd4 cxd4 12. Bxa8 Qxa8 13. Qd3 Ne7 14. Bd2 O-O
15. Bb4 Re8 16. Bxe7 Rxe7 17. Rad1 Re8 18. f3 Rc8 19. b3 Rc5 20. Rf2 Qc8 21.
Kg2 a6 22. Rc2 h5 23. h4 d6 24. Rdc1 Bf6 25. Re1 Kg7 26. g4 Kf8 27. Kh3 b5 28.
Rec1 b4 29. a3 Qb7 30. axb4 Qxb4 31. Ra2 a5 32. Ra4 Qb6 33. b4 axb4 34. Rb1 d5
35. cxd5 hxg4+ 36. Kxg4 Rxd5 37. Raxb4 Qa5 38. Rb5 Rxb5 39. Qxb5 Qa2 40. Qb2
Qd5 41. Qb5 Qa2 42. Qf1 Qd5 43. Rb5 Qd7 44. Qd3 e5+ 45. Kg3 exf4+ 46. Kxf4 Bxh4
47. Qa3+ Be7 48. Qa8+ Kg7 49. Qd5 Qxd5 50. Rxd5 Bf6 51. Rd6 d3 52. Rxd3 Ba1 53.
Rd7 Kf6 54. Ke4 Bb2 55. Rb7 Ba1 56. Kd5 Bc3 57. Kc6 Ke6 58. Rb3 Be5 59. Re3 Kf5
60. Kd5 Bb2 61. Re4 g5 62. Kd6 f6 63. Kd5 Be5 64. Ra4 Bg3 $11 1/2-1/2

[Event "272nd YMCA Spring A"]
[Site "Warsaw"]
[Date "2023.04.27"]
[Round "11"]
[White "Sypula, Krzysztof"]
[Black "Szukalski, Antoni"]
[Result "1-0"]
[WhiteElo "1649"]
[BlackElo "1680"]
[PlyCount "79"]
[EventDate "2023.04.14"]
[EventType "tourn"]
[EventRounds "1"]
[EventCountry "POL"]
[SourceDate "2023.04.13"]

1. d4 d5 2. Nf3 Nf6 3. Bg5 e6 4. e3 Nbd7 5. Bd3 c5 6. c3 Bd6 7. O-O Qc7 8. Nbd2
c4 9. Bc2 e5 10. dxe5 Bxe5 11. e4 O-O 12. Re1 Bf4 13. exd5 Bxg5 14. Nxg5 h6 15.
d6 Qxd6 16. Nge4 Qc7 17. Qe2 b5 18. a4 Ba6 19. Qf3 Rae8 20. axb5 Bxb5 21. Qf5
a6 22. g4 Nxe4 23. Nxe4 g6 24. Qf3 Re6 25. Re3 Bc6 26. Qg3 Qb7 27. Rae1 Qxb2
28. Bb1 Qb8 29. f4 Bxe4 30. Bxe4 Nf6 31. Bc2 Qb6 32. Kg2 Rxe3 33. Rxe3 Nxg4 34.
Re2 h5 35. f5 Qf6 36. h3 Nh6 37. fxg6 fxg6 38. Qxg6+ Qxg6+ 39. Bxg6 Rd8 40. Re6
$138 1-0